Laser based detection of maternal plasma cell free fetal DNA for early fetal sex determination / (رقم التسجيلة. 68619)

تفاصيل مارك
000 -LEADER
fixed length control field 02533cam a2200349 a 4500
003 - CONTROL NUMBER IDENTIFIER
control field EG-GiCUC
005 - DATE AND TIME OF LATEST TRANSACTION
control field 20250223032118.0
008 - FIXED-LENGTH DATA ELEMENTS--GENERAL INFORMATION
fixed length control field 181119s2018 ua d f m 000 0 eng d
040 ## - CATALOGING SOURCE
Original cataloging agency EG-GiCUC
Language of cataloging eng
Transcribing agency EG-GiCUC
041 0# - LANGUAGE CODE
Language code of text/sound track or separate title eng
049 ## - LOCAL HOLDINGS (OCLC)
Holding library Deposite
097 ## - Thesis Degree
Thesis Level Ph.D
099 ## - LOCAL FREE-TEXT CALL NUMBER (OCLC)
Classification number Cai01.24.03.Ph.D.2018.Ma.L
100 0# - MAIN ENTRY--PERSONAL NAME
Personal name Mahmoud Esmail Mohamed Alalfy
245 10 - TITLE STATEMENT
Title Laser based detection of maternal plasma cell free fetal DNA for early fetal sex determination /
Statement of responsibility, etc. Mahmoud Esmail Mohamed Alalfy ; Supervised Mohamed Amr Hussein Elnoury , Osama Mahmoud Azmy , Jehan Mohamed Alsharnoubi
246 15 - VARYING FORM OF TITLE
Title proper/short title التحديد المبكرلجنس الجنين بإستخدام تقنيه الليزر للحامض النووى الجنينى الحر الموجود فى بلازما دم الأم
260 ## - PUBLICATION, DISTRIBUTION, ETC.
Place of publication, distribution, etc. Cairo :
Name of publisher, distributor, etc. Mahmoud Esmail Mohamed Alalfy ,
Date of publication, distribution, etc. 2018
300 ## - PHYSICAL DESCRIPTION
Extent 173 P. :
Other physical details charts ;
Dimensions 25cm
502 ## - DISSERTATION NOTE
Dissertation note Thesis (Ph.D.) - Cairo University - National Institute of Laser - Department of Laser Application in Medical and Biological
520 ## - SUMMARY, ETC.
Summary, etc. Enhancement of DNA detection assays increases the use of non-invasive prenatal diagnosis that consequently enhances the supervision plan of pregnant woman with genetic disorder that could have an expected babies with this disorder. Aim of work: current work was planned to examine plasma of pregnant women starting from 6 th week of the pregnancy for Cell-free fetal DNA, to determine embryonic sex type with consequent prospect of detection of fetal anomalies such as sex-linked genetic abnormalities . Method: samples collected from 6 th week till 11 th week of pregnancy according to pregnancy age and tested using Real time PCR for determination of fetal sex Results: testing of samples resulted in detection of fetal sex starting from 6th week and the later the gestational age ,the better the result for detection of fetal sex . all results were confirmed by Ultrasound scan and neonatal outcome. Testing results revealed PCR detection for 58 males and 92 females with confusion in one fetus due to non identical twins
530 ## - ADDITIONAL PHYSICAL FORM AVAILABLE NOTE
Additional physical form available note Issued also as CD
653 #4 - INDEX TERM--UNCONTROLLED
Uncontrolled term DNA
653 #4 - INDEX TERM--UNCONTROLLED
Uncontrolled term Maternal plasma
653 #4 - INDEX TERM--UNCONTROLLED
Uncontrolled term Sex determination
700 0# - ADDED ENTRY--PERSONAL NAME
Personal name Jehan Mohamed Alsharnoubi ,
Relator term
700 0# - ADDED ENTRY--PERSONAL NAME
Personal name Mohamed Amr Hussein Elnoury ,
Relator term
700 0# - ADDED ENTRY--PERSONAL NAME
Personal name Osama Mahmoud Azmy ,
Relator term
856 ## - ELECTRONIC LOCATION AND ACCESS
Uniform Resource Identifier <a href="http://172.23.153.220/th.pdf">http://172.23.153.220/th.pdf</a>
905 ## - LOCAL DATA ELEMENT E, LDE (RLIN)
Cataloger Nazla
Reviser Revisor
905 ## - LOCAL DATA ELEMENT E, LDE (RLIN)
Cataloger Shimaa
Reviser Cataloger
942 ## - ADDED ENTRY ELEMENTS (KOHA)
Source of classification or shelving scheme Dewey Decimal Classification
Koha item type Thesis
المقتنيات
Source of classification or shelving scheme Not for loan Home library Current library Date acquired Full call number Barcode Date last seen Koha item type Copy number
Dewey Decimal Classification   المكتبة المركزبة الجديدة - جامعة القاهرة قاعة الرسائل الجامعية - الدور الاول 11.02.2024 Cai01.24.03.Ph.D.2018.Ma.L 01010110076375000 22.09.2023 Thesis  
Dewey Decimal Classification   المكتبة المركزبة الجديدة - جامعة القاهرة مخـــزن الرســائل الجـــامعية - البدروم 11.02.2024 Cai01.24.03.Ph.D.2018.Ma.L 01020110076375000 22.09.2023 CD - Rom 76375.CD
Cairo University Libraries Portal Implemented & Customized by: Eng. M. Mohamady Contacts: new-lib@cl.cu.edu.eg | cnul@cl.cu.edu.eg
CUCL logo CNUL logo
© All rights reserved — Cairo University Libraries
CUCL logo
Implemented & Customized by: Eng. M. Mohamady Contact: new-lib@cl.cu.edu.eg © All rights reserved — New Central Library
CNUL logo
Implemented & Customized by: Eng. M. Mohamady Contact: cnul@cl.cu.edu.eg © All rights reserved — Cairo National University Library